Xây dựng hệ thống giao thông kết nối Quảng Ninh - Quảng Tây trong khuôn khổ hợp tác hai hành lang một vành đai /
Αποθηκεύτηκε σε:
| Κύριος συγγραφέας: | |
|---|---|
| Μορφή: | Άρθρο |
| Γλώσσα: | Vietnamese |
| Θέματα: | |
| Ετικέτες: |
Προσθήκη ετικέτας
Δεν υπάρχουν, Καταχωρήστε ετικέτα πρώτοι!
|
| Thư viện lưu trữ: | Thư viện Trường Đại học Đà Lạt |
|---|
| LEADER | 00900nam a2200277 4500 | ||
|---|---|---|---|
| 001 | DLU140166061 | ||
| 005 | ##20141210 | ||
| 040 | # | # | |a DLU |b vie |
| 041 | # | # | |a vie |
| 044 | # | # | |a vn |
| 100 | # | # | |a Ngô Thị Lan Phương. |
| 245 | # | # | |a Xây dựng hệ thống giao thông kết nối Quảng Ninh - Quảng Tây trong khuôn khổ hợp tác hai hành lang một vành đai / |c Ngô Thị Lan Phương. |
| 653 | # | # | |a Hệ thống giao thông |
| 653 | # | # | |a Hợp tác kinh tế |
| 653 | # | # | |a Quảng Ninh |
| 653 | # | # | |a Quảng Tây |
| 773 | # | # | |t Tạp chí Nghiên cứu Trung Quốc |g Số1(125), 2012, tr. 55-63 |
| 920 | # | # | |a Phòng Tạp chí -- Trung tâm Thông tin - Thư viện Trường Đại học Đà Lạt |
| 994 | # | # | |a DLU |
| 900 | # | # | |a True |
| 911 | # | # | |a Nguyễn Thị Mai Anh |
| 925 | # | # | |a G |
| 926 | # | # | |a A |
| 927 | # | # | |a BB |
| 980 | # | # | |a Thư viện Trường Đại học Đà Lạt |